000 00542nam a22001937a 4500
003 0
005 20241001153339.0
008 241001b xxu||||| |||| 00| 0 eng d
020 _a9780448494531
050 _aPZ 7
_b.T128 2020
100 _aTahir, Sabaa,
_eauthor.
245 _aA sky beyond the storm /
_cSabaa Tahir.
260 _aNew York, NY :
_bRazorbill,
_c2020.
300 _a516 p. ;
_b24 cm.
490 _aAn ember in the ashes novel ;
_v4.
650 _aFantasy.
700 _aRoberts, Jonathan,
_ecartographer.
942 _2lcc
_cBK
999 _c366430
_d366430